Penología (Registro nro. 103)
[ vista simple ]
| 000 -Cabecera | |
|---|---|
| Campo de control de longitud fija | 00555aam a2200229 4500 |
| 005 - Fecha y hora de la última transacción | |
| Campo de control | 20260413182122.0 |
| 008 - Elementos de longitud fija--Información general | |
| Campo de control de longitud fija | 150720b1984 xxu||||| |||| 00| 0 spa d |
| 041 ## - Idioma | |
| Código de idioma | Español |
| 082 ## - Clasificación Decimal Dewey | |
| Número de clasificación | 364.6 S218p |
| 100 ## - Entrada principal--Autor personal | |
| Nombre personal | Sandoval Huertas, Emiro |
| 245 ## - Título propiamente dicho | |
| Título | Penología |
| 260 ## - Pie de imprenta | |
| Lugar de publicación, distribución, etc. | Colombia |
| 260 ## - Pie de imprenta | |
| Nombre del editor, distribuidor, etc. | Universidad Externado de Colombia |
| 260 ## - Pie de imprenta | |
| Fecha de publicación, distribución, etc. | 1984 |
| 300 ## - Descripción física | |
| Extensión | 331 páginas |
| 490 ## - Serie | |
| Título de la Serie | Investigación Criminal |
| 650 ## - Materia general | |
| Temática (materia general) | PENOLOGÍA |
| 650 ## - Materia general | |
| Temática (materia general) | HISTORIA |
| 650 ## - Materia general | |
| Temática (materia general) | PENA DE MUERTE |
| 650 ## - Materia general | |
| Temática (materia general) | SANCIONES PENALES |
| 942 ## - Punto de acceso adicional KOHA | |
| Tipo de ítem KOHA | Libro |
| Fuente del sistema de clasificación o colocación | Dewey Decimal Classification |
| Signatura completa | Código de barras | Tipo de ítem |
|---|---|---|
| 364.6 S218p | 535 | Libro |